Statistics for Name a Valid Answer - History

Click here to take the quiz!

General Stats

  • This quiz has been taken 15,573 times
    (3,983 since last reset)
  • The average score is 16 of 20

Answer Stats

ConditionAnswer% Correct
Assassinated U.S. presidentsLincoln, Garfield, McKinley, Kennedy
99%
Nations to have controlled Malta at one timeMalta, British Empire, France, ...
93%
Major Central Powers in WWIGermany, Austria-Hungary, ...
92%
American Founding FathersWashington, Jefferson, Adams, ...
92%
People walking on the MoonNeil Armstrong, Buzz Aldrin, ...
91%
Universities founded before 1300Bologna, Oxford, Cambridge, ...
90%
Major pre-Columbian civilizations in the AmericasAztecs, Maya, Olmecs, Inca Empire
89%
Founding members of the European UnionGermany, France, Italy, ...
89%
Presidents of the Russian FederationYeltsin, Putin, Medvedev
85%
Four great Chinese inventionsCompass, Gunpowder, Printing, Paper
83%
Thirteen coloniesVirginia, Massachusetts, Georgia, ...
82%
Three "B's" of classical musicBeethoven, Brahms, Bach
80%
Parties to have produced a British Prime MinisterConservatives, Labour, Whig, ...
80%
Cradles of civilizationMesopotamia, China, Egypt, ...
78%
First three Roman emperorsAugustus, Tiberius, Caligula
74%
"Great" female monarchsCatherine, Berengaria, Tamar
69%
Kingdoms which formed EnglandWessex, Sussex, Mercia, ...
65%
Columbus's shipsLa Pinta, La Niña, La Santa María
63%
Gunpowder plottersGuy Fawkes, Robert Catesby, ...
62%
Greek architectural ordersDoric, Ionic, Corinthian
43%

Score Distribution

Percentile by Number Answered

Percent of People with Each Score

Your Score History

You have not taken this quiz since the last reset